Statistics for Sports - A-Z - level 2

Click here to take the quiz!

General Stats

  • This quiz has been taken 13 times
  • The average score is 8 of 23

Answer Stats

Answer% Correct
A - city hosted the 2004 olympicsathens
100%
Q - hosting the 2022 fifa wcqatar
91%
E - liverpool's main rivalseverton
82%
K - sport of chopping brickskarate
73%
U - a cricket oficiatorumpire
73%
I - has won 5 fifa wc'sitaly
64%
G - a tennis championshipgrand slam
55%
H - english cricket ground in birminghamheadingley
45%
L - the wing of bale, giggs, robben, sturridge...left
45%
O - greek soccer teamolympiakos
45%
J - home of super rugby's cherry blossomsjapan
36%
V - also means to play againstverse
36%
R - melbourne bbl teamrenegades
27%
B - aussie cricket batter, 1990's, moe, from tassyboon
18%
P - mcgraths nicknamepigeon
18%
C - first name of aussie letour champcadel
9%
F - 3 points in rugby unionfield goal
9%
T - nickname of crows forward taylor walkertex
9%
D - first name of magpies player famous for tattsdane
0%
M - attempted to sue the nrl in 2015mckinnon
0%
N - who were the bears in the arl/nrl from?north sydney
0%
S - souths five-eighth when they won in 14'sutton
0%
W - subiaco oval is home towest coast
0%

Score Distribution

Percentile by Number Answered

Percent of People with Each Score

Your Score History

You have not taken this quiz